عرض عادي
عرض مارك
- Nellis, J. G.
مدخل إسم شخص
001 - رقم الضبط
- حقل الضبط: 5910
003 - معرف رقم الضبط
- حقل الضبط: OSt
005 - تاريخ ووقت أخر عملية
- حقل الضبط: 20111031162308.0
008 - عناصر بيانات ثابتة الطول
- حقل تحكم ثابت الطول: 111031|||a|||||| | ||| d
040 ## - مصدر الفهرسة
- هيئة الفهرسة الأصلية: OSt
- وكالة الكتابة: OSt
100 ## - مدخل -- أسم شخص
- إسم شخص: Nellis, J. G.
670 ## - بيانات المصدر موجوده
- الاستشهاد بالمصدر: Work cat.: (OSt)709: Nellis, J. G., The essence of the economy /, 1996.
